Brisbane City Council Libraries Quiz Stats

 Plays Quiz not verified by Sporcle

Score 0/33 Timer 10:00
0 Plays Today
Part of Brisbane Answer % Correct
Inner BrisbaneAnnerley
66.7%
Inner BrisbaneBrisbane Square
66.7%
Northern BrisbaneBracken Ridge
50%
Northern BrisbaneChermside
50%
Inner BrisbaneIndooroopilly
50%
Inner BrisbaneMt Coot-Tha
50%
Western BrisbaneMt Ommaney
50%
Southern BrisbaneMt Gravatt
50%
Inner BrisbaneNew Farm
50%
Northern BrisbaneSandgate
50%
Inner BrisbaneToowong
50%
Northern BrisbaneAshgrove
33.3%
Inner BrisbaneBulimba
33.3%
Southern BrisbaneCarindale
33.3%
Southern BrisbaneCoopers Plains
33.3%
Inner BrisbaneFairfield
33.3%
Southern BrisbaneGarden City
33.3%
Part of Brisbane Answer % Correct
Northern BrisbaneGrange
33.3%
Northern BrisbaneHamilton
33.3%
Northern BrisbaneNundah
33.3%
Southern Brisbane Sunnybank Hills
33.3%
Northern BrisbaneBanyo
16.7%
Southern BrisbaneCarina
16.7%
Western BrisbaneCorinda
16.7%
Northern BrisbaneEverton Park
16.7%
Southern BrisbaneInala
16.7%
Western BrisbaneKenmore
16.7%
Northern BrisbaneMitchelton
16.7%
Southern Brisbane Wynnum
16.7%
Northern Brisbane Zillmere
16.7%
Southern BrisbaneHolland Park
0%
Southern BrisbaneStones Corner
0%
Inner BrisbaneWest End
0%

You're not logged in!

Compare scores with friends on all Sporcle quizzes.
OR
Log In

Sporcle TV

Today on Sporcle TV


Watch our educational content, quiz creation guides, and fun videos on Sporcle TV.

Show Comments

Extras

Created Sep 15, 2019ReportNominate
Tags:City Quiz, brisbane, council, library

Top Quizzes Today


Score Distribution

Your Account Isn't Verified!

In order to create a playlist on Sporcle, you need to verify the email address you used during registration. Go to your Sporcle Settings to finish the process.

Report this User

Report this user for behavior that violates our Community Guidelines.

Details: